000 00454nam a2200181Ia 4500
008 230524s9999 xx 000 0 und d
020 _a9788127249949
082 _bGUP
100 _aShashi K.Gupta
245 0 _aFinancial Management- I+II
250 _a1
260 _aNew Delhi
_bkalyani pub
_c2009
300 _a"21, 16p;"
500 _aQuantity Number: 1
650 _aManagement
700 _a"R.K.Sharma , Neeti Gupta"
_942009
942 _cBK
999 _c56422
_d56422